000 00253nam a2200109Ia 4500
008 190216s9999||||xx |||||||||||||| ||und||
100 _aIyengar S P
245 0 _aAdvanced Accounting
260 _bSulthan Chand&Sons
_c1990
300 _a1296p
942 _cBK
999 _c5527
_d5527